| 000 | 01394nam0a22003011 4500 | ||
|---|---|---|---|
| 001 | rc\3572073 | ||
| 005 | 20130115140926.8 | ||
| 035 | _a(NLR Aleph) 007692067 | ||
| 090 |
_a6651529 _c6651529 |
||
| 100 | _a20130115d1970 |||y0rusy50 ca | ||
| 101 | 0 | _arus | |
| 102 | _aRU | ||
| 105 | _ay z ||||| | ||
| 200 | 1 |
_aКомплексное использование древесины на предприятиях Министерства лесной и деревообрабатывающей промышленности УССР _fГос. план. ком. Совета Министров УССР. Укр. науч.-исслед. ин-т науч.-техн. информации и техн.-экон. исследований |
|
| 210 |
_aКиев _cБ. и. _d1970 |
||
| 215 |
_a20 с. _d21 |
||
| 300 | _aНа обл. авт. не указаны | ||
| 300 | _aПеред загл. авт.: Д.В. Павленко, М.Н. Пилькевич, П.С. Шевчук | ||
| 309 | _aОтпеч. множит. аппаратом | ||
| 333 | _aДля служебного пользования. Экз. № 000006 | ||
| 700 | 1 |
_aПавленко _bД. В. _gДмитрий Васильевич |
|
| 701 | 1 |
_aПилькевич _bМ. Н. |
|
| 701 | 1 |
_aШевчук _bП. С. |
|
| 801 | 0 |
_aRU _bNLR _gpsbo |
|
| 801 | 1 |
_aRU _bELAR _2rusmarc |
|
| 852 |
_aNLR _j50К/24761 |
||
| 942 | _cBOOK | ||
| 980 | _aNB | ||